Critique de la raison pure (Registo nº 202834)
[ vista simples ]
| 000 -Etiqueta do registo | |
|---|---|
| Valores | 00828nam a2200229 4500 |
| 100 ## - Dados gerais de processamento | |
| Dados gerais | 20251104 pory50 |
| 200 ## - Titulo e menção de responsabilidade | |
| Título próprio | Critique de la raison pure |
| Primeira menção de responsabilidade | Emmanuel Kant |
| Outras menções de responsabilidade | traduction française avec note par A. Tremesaygues, B. Pacaud ; préface de Ch. Serrus |
| 210 ## - Publicação | |
| Local de publicação | France |
| Nome do editor | Universitaires |
| Data de publicação | 1965 |
| 215 ## - Descrição física | |
| Paginação / Volumes | XXXI, 586 p. |
| Outras indicações físicas | brochado |
| Dimensões | 23 cm |
| 225 ## - Colecção | |
| Título próprio da colecção | Bibliothèque de Philosophie Contemporaine |
| Outras menções de responsabilidade | Félix Alcan |
| 300 ## - Notas gerais | |
| Texto da nota | Contém muitas notas do Prof. Dr. Almeida Faria ao longo do livro |
| 606 ## - Nome comum usado como assunto | |
| ID Autoridade | 14648 |
| Palavra de ordem | Metafísica |
| 675 ## - CDU | |
| Notação | 11 |
| Edição | PT |
| Língua | por |
| 700 ## - Autor principal (pessoa individual) | |
| ID Autoridade | 2656 |
| Apelido | kant |
| Nome | Immanuel |
| Datas | 1724-1804 |
| 702 ## - Autor secundário (pessoa individual) | |
| ID Autoridade | 17683 |
| Apelido | Tremesaygues |
| Nome | A. |
| 702 ## - Autor secundário (pessoa individual) | |
| ID Autoridade | 17684 |
| Apelido | Pacaud |
| Nome | B. |
| 702 ## - Autor secundário (pessoa individual) | |
| ID Autoridade | 17685 |
| Apelido | Serrus |
| Nome | Ch. |
| 801 ## - Fonte de origem | |
| País | PT |
| Agência | BMMN |
| Regras de catalogação | RPC |
| 830 ## - Notas gerais do catalogador | |
| Criado por | Ana Falardo |
| Data de indexação | Ana Falardo |
| 990 ## - Elementos KOHA | |
| Tipo de documento | Livro |
| Situação do levantamento | Biblioteca de origem | Código de barras | Cota | Permissão de empréstimo | Tipo de documento | Nota relativa ao exemplar | Forma de aquisição |
|---|---|---|---|---|---|---|---|
| Biblioteca Municipal de Montemor-o-Novo | 32355 | 11 KAN|LG | Livro | Acesso Condicionado | Oferta |